000 00318nam a22001337a 4500
008 171002b xxu||||| |||| 00| 0 eng d
020 _a9780898621846
041 _aeng
080 _a159.9
100 _a48
101 _aPSI
245 _aTREATMENT OF OBSESSIVE COMPULSIVE DISORDER
_cSTEKETEE, G.S
942 _2udc
_cBK
999 _c31216
_d31216